|
|
|
|
| LEADER |
01398nam a22003732a 4500 |
| 001 |
000262668 |
| 003 |
CZ BrMZK |
| 005 |
20170106091825.0 |
| 007 |
ta |
| 008 |
010907s1985 xr af cze d |
| 040 |
|
|
|a BOA001
|b cze
|c BOA002
|
| 041 |
0 |
|
|a cze
|b ger
|
| 043 |
|
|
|a e-xr---
|b e-xr-us
|2 czenas
|
| 072 |
|
7 |
|a 581
|x Obecná botanika
|2 Konspekt
|9 2
|
| 080 |
|
|
|a 581.9
|2 MRF
|
| 080 |
|
|
|a 58.081.1
|2 MRF
|
| 080 |
|
|
|a (437.315)
|2 MRF
|
| 080 |
|
|
|a (041)
|2 MRF
|
| 100 |
1 |
|
|a Lorber, Josef,
|d 1917-2003
|7 jk01072395
|4 aut
|
| 245 |
1 |
0 |
|a Příspěvek k floristickému průzkumu Úhoště u Kadaně /
|c Josef Lorber
|
| 260 |
|
|
|a Chomutov :
|b Okresní muzeum,
|c 1985
|
| 300 |
|
|
|a 34 s., obr. příl. :
|b il.
|
| 504 |
|
|
|a Obsahuje bibliografii
|
| 546 |
|
|
|a Německé resumé
|
| 650 |
0 |
7 |
|a flóra
|7 ph114559
|z Česko
|2 czenas
|
| 650 |
0 |
7 |
|a botanický průzkum
|7 ph628970
|z Česko
|2 czenas
|
| 651 |
|
7 |
|a Úhošť (Česko : zaniklá obec)
|7 xx0084217
|2 czenas
|
| 651 |
|
7 |
|a Kadaň (Česko : oblast)
|7 ge129509
|2 czenas
|
| 655 |
|
7 |
|a brožury
|7 fd131925
|2 czenas
|
| 772 |
0 |
8 |
|i Samostatná příloha seriálu:
|a Severočeskou přírodou,
|g 1985
|
| 910 |
|
|
|a BOA001
|b X-0898.229
|b PK-0100.981
|
| 990 |
|
|
|a BK
|
| 996 |
6 |
|
|b 2619169599
|c X-0898.229
|l MZK
|r Sklad / do 24 hodin
|n 0
|w 000262668
|u 000020
|a 1
|e BOA001
|j MZK50
|s P
|
| 996 |
7 |
|
|b 3119914758
|c PK-0100.981
|l MZK
|r Sklad / do 1 hodiny
|n 1
|w 000262668
|u 000010
|a 1
|e BOA001
|j MZK50
|s A
|